Language Quiz

Random Language or German Quiz

Principal parts of Verbs (German) Quiz Stats

 Plays Quiz not verified by Sporcle

Challenge
Share
Tweet
Embed
Score 0/50 Timer 15:00
0 Plays Today
Infinitive Past Tense % Correct
machenmachte
88.5%
Lesenlas
88%
müssenmusste
86.9%
seinwar
86.9%
nehmennahm
85.2%
sehensah
83.6%
liegenlag
83.1%
singensang
83.1%
trinkentrank
83.1%
sagensagte
82.5%
schreibenschrieb
82.5%
sprechensprach
82.5%
springensprang
82%
tanzentanzte
81.4%
schwimmenschwamm
80.9%
suchensuchte
80.9%
stehenstand
80.3%
sollensollte
79.8%
spielenspielte
79.8%
studierenstudierte
79.8%
reparierenreparierte
79.2%
stellenstellte
79.2%
wohnenwohnte
79.2%
wollenwollte
79.2%
mögenmochte
78.1%
Infinitive Past Tense % Correct
schmeckenschmeckte
78.1%
treffentraf
77.6%
versuchenversuchte
76%
verstehenverstand
75.4%
wandernwanderte
75.4%
steigenstieg
74.3%
schlafenschlief
73.8%
wartenwartete
73.8%
schenkenschenkte
73.2%
tragentrug
73.2%
wissenwusste
73.2%
regnenregnete
72.1%
scheinenschien
71%
tuntat
71%
werfenwarf
71%
warnenwarnte
70.5%
zeigenzeigte
70.5%
sitzensass
69.4%
verbringenverbrachte
69.4%
werdenwurde
69.4%
verlierenverlor
68.3%
schlagenschlug
66.7%
schneienschneite
61.7%
verlassenverliess
59%
lösenlöste
41%

You're not logged in!

Compare scores with friends on all Sporcle quizzes.
Join for Free
OR
Log In

You Might Also Like...

Show Comments

Extras

Top Quizzes Today


Score Distribution

Your Account Isn't Verified!

In order to create a playlist on Sporcle, you need to verify the email address you used during registration. Go to your Sporcle Settings to finish the process.

Report this User

Report this user for behavior that violates our Community Guidelines.

Details: